LEADER 01747nam a2200301 u 4500 001 000000003544 003 CaOOAMICUS 005 20070226104542.0 008 940921m19421963it fb u000 u ita u 035 $a10093092 040 $aPUL(R)$bita 245 00$aEnciclopedia ecclesiastica /$cpubblicata sotto la direzione dell'eccellenza mons. Adriano Bernareggi. 260 $aMilano :$bF. Vallardi ;$aTorino :$bMarietti,$c1942- 300 $av. <1-7>, p. di tav. :$bill. (in parte color), c.geogr. ;$c26 cm 650 4$aChiesa$xStoria$vDizionari.$0(OLS)http://pul/subject/2231 700 1 $aBernareggi, Adriano,$cvesc. di Bergamo,$d1884-1953.$0(OLS)http://pul/name/3732 850 $aPUL 852 $aPUL$W1$xDP1 Fondo Cecchetti$y53$m260 E 19.1$j193659$nBK-PRI$bv. 1$qFondi$B4708$CPULBib$Z2$F4708 $81 852 $aPUL$W1$xDP1 Fondo Cecchetti$y53$m260 E 19.2$j193660$bv. 2$qFondi$B199095$CPULBib$Z2$F199095 $81 852 $aPUL$W1$xDP1 Fondo Cecchetti$y53$m260 E 19.3$j193661$bv. 3$qFondi$B199096$CPULBib$Z2$F199096 $81 852 $aPUL$W1$xDP1 Fondo Cecchetti$y53$m260 E 19.4$j193662$bv. 4$qFondi$B199097$CPULBib$Z2$F199097 $81 852 $aPUL$W1$xDP1 Fondo Cecchetti$y53$m260 E 19.5$j193663$bv. 5$qFondi$B199098$CPULBib$Z2$F199098 $81 852 $aPUL$W1$xDP1 Fondo Cecchetti$y53$m260 E 19.6$j193664$bv. 6$qFondi$B199099$CPULBib$Z2$F199099 $81 852 $aPUL$W1$xDP1 Fondo Cecchetti$y53$m260 E 19.7$j193665$bv. 7$qFondi$B199100$CPULBib$Z2$F199100 $81 941 1 $a1 996 $6245$aEnciclopedia ecclesiastica$9(OLS)http://pul/title/5181 996 $6260$aMilano :$bF. Vallardi$9(OLS)http://pul/publisher/47935 996 $6260$aTorino :$bMarietti$9(OLS)http://pul/publisher/48186 LEADER 01260nam a2200277 u 4500 001 000000074050 003 CaOOAMICUS 005 20070226122422.0 008 021129s1998 enk u000 u eng u 020 $a185521802X 035 $a10946475 040 $aPUL$bita 245 04$aElections and voting behaviour :$bnew challenges, new perspectives /$cedited by Pippa Norris. 260 $aAldershot :$bAshgate :$bDartmouth,$cc1998. 300 $a542 p. ;$c24 cm 490 1 $aThe international library of politics and comparative government 504 $aBibliografia in nota. 650 04$aElezioni$zEuropa.$0(OLS)http://pul/subject/25945 700 1 $aNorris, Pippa.$0(OLS)http://pul/name/49068 830 4$aThe international library of politics and comparative government.$0(OLS)http://pul/title/97286 850 $aPUL 852 $aPUL$W1$xSL Diritto e Scienze Sociali 3$y79$m300 A 18.14$j95601$nBK-PRI$b $qDDC 21$B95601$CPULBib$Z2$F95601 $H88634 $82 941 1 $a9 996 $6020$a185521802X$9(OLS)http://pul/number/95753 996 $6245$aElections and voting behaviour :$bnew challenges, new perspectives$9(OLS)http://pul/title/97315 996 $6260$aAldershot :$bAshgate :$bDartmouth$9(OLS)http://pul/publisher/65509